书目信息 |
| 题名: |
痛风食疗全书
|
|
| 作者: | 高振军 , 杨栋 主编 | |
| 分册: | ||
| 出版信息: | 北京 化学工业出版社 2013 |
|
| 页数: | 158页 | |
| 开本: | 24cm | |
| 丛书名: | ||
| 单 册: | ||
| 中图分类: | R589.705 , TS972.161 | |
| 科图分类: | ||
| 主题词: | 痛风--食物疗法--食谱 | |
| 电子资源: | ||
| ISBN: | 978-7-122-16473-5 | |
| 000 | 00837nam0 2200265 450 | |
| 001 | 012015000684 | |
| 005 | 20150914161038.26 | |
| 010 | @a978-7-122-16473-5@dCNY28.00 | |
| 100 | @a20130808d2013 em y0chiy0110 ea | |
| 101 | 0 | @achi |
| 102 | @aCN@b110000 | |
| 105 | @ay z 000yy | |
| 106 | @ar | |
| 200 | 1 | @a痛风食疗全书@Atong feng shi liao quan shu@e有这本就够了@f高振军,杨栋主编 |
| 210 | @a北京@c化学工业出版社@d2013 | |
| 215 | @a158页@d24cm | |
| 330 | @a本书从痛风的基本常识入手, 涉及痛风定义、症状、诊断、用药等方面, 让读者全面了解痛风、掌握健康的饮食原则。 | |
| 517 | 1 | @a有这本就够了 |
| 606 | 0 | @a痛风@x食物疗法@x食谱 |
| 690 | @aR589.705@v5 | |
| 690 | @aTS972.161@v5 | |
| 701 | 0 | @a高振军@Agao zhen jun@4主编 |
| 701 | 0 | @a杨栋@Ayang dong@4主编 |
| 801 | 0 | @aCN@b碧洲教育@c20150718 |
| 905 | @a10447@f4@dR589.705@e129 | |
| 痛风食疗全书:有这本就够了/高振军,杨栋主编.-北京:化学工业出版社,2013 |
| 158页;24cm |
| ISBN 978-7-122-16473-5:CNY28.00 |
| 本书从痛风的基本常识入手, 涉及痛风定义、症状、诊断、用药等方面, 让读者全面了解痛风、掌握健康的饮食原则。 |
| ● |
| 相关链接 |
|
|
|
|
正题名:痛风食疗全书
索取号:R589.705/129
 
预约/预借
| 序号 | 登录号 | 条形码 | 馆藏地/架位号 | 状态 | 备注 |
| 1 | 0848443 | 208484433 | 第二样本阅览室/ [索取号:R589.705/129] | 在馆 | |
| 2 | 0848444 | 208484442 | 第三借阅区/ [索取号:R589.705/129] | 在馆 | |
| 3 | 0848445 | 208484451 | 第三借阅区/ [索取号:R589.705/129] | 在馆 | |
| 4 | 0848446 | 208484460 | 密集书库-生命科学系/ [索取号:R589.705/129] | 在馆 |